| 000 | 00596nam a2200205 4500 | ||
|---|---|---|---|
| 001 | 124009 | ||
| 003 | ES-MaACL | ||
| 007 | t| | ||
| 008 | 070214s1946 sp r ||||1| spa d | ||
| 100 | 1 |
_aRand, Ayn. _995399 |
|
| 245 | 1 | 0 |
_aVivir _b: (anthem) / _cAyn Rand ; versión española de Alfonso Banda Moras. |
| 250 | _a2ª. ed. | ||
| 260 |
_aBarcelona : _bLuis de Caralt, _c1946. |
||
| 300 |
_a169 p. ; _c19 cm. |
||
| 490 | 1 | _aGrandes novelistas | |
| 700 | 1 |
_aBanda Moras, Alfonso. _925172 |
|
| 830 | 0 |
_aGrandes novelistas _9181770 |
|
| 852 |
_aES-MaACL _jE-524 _bR.27352 |
||
| 999 |
_c124009 _d124009 |
||